Insane Capital Cities Quiz - Statistics

General Stats
  • This quiz has been taken 13 times
  • The average score is 6 of 10
Answer Stats
Hint Answer % Correct
Venezuela Caracas
92%
Papua New Guinea Port Moresby
75%
Yemen Sanaa
75%
North Macedonia Skopje
75%
Mozambique Maputo
67%
Bhutan Thimphu
58%
Honduras Tegucigalpa
50%
Togo Lome
42%
Nauru Yaren
42%
Kosovo Prishtina
0%
No matching quizzes found
Score Distribution
Percent of People with Each Score
Percentile by Number Answered
Your Score History
You have not taken this quiz